Tron - Characters by Picture - Statistics

General Stats
  • This quiz has been taken 52 times
  • The average score is 11 of 43
Answer Stats
Picture Answer % Correct
Kevin Flynn
90%
Tron
90%
Clu
77%
Samuel 'Sam' Flynn
68%
Quorra
65%
Rinzler / Tron 2
65%
Alan Bradley
55%
The Bit
42%
Clu 2
39%
Commander Sark
35%
Ed Dillinger
35%
The Master Control Program
35%
Beck
29%
Castor / Zuse
29%
Ed Dillinger Jr.
29%
Ram
29%
Yori
29%
Paige
26%
Able
23%
Gem
23%
Mara
23%
Dyson
19%
Jarvis
19%
Lora Baines
19%
Anon
16%
Pavel
16%
Zed
16%
General Tesler
13%
Abraxas
10%
Bartik
10%
Crom
10%
Dr. Walter Gibbs
10%
Dumont
10%
The Byte
6%
J.D. Thorne
3%
Jet Bradley
3%
Link
3%
Esmond Baza
0%
Eva Popoff
0%
Ma3a
0%
Mercury
0%
Seth Crown
0%
The Kernel
0%
No matching quizzes found
Score Distribution
Percent of People with Each Score
Percentile by Number Answered
Your Score History
You have not taken this quiz